000 00351nam a2200157Ia 4500
003 OSt
008 191201s2012 xx 000 0 und d
082 _a346.07
_bKUM
100 _aKUCHHAL, M C
245 0 _aMercantile Law
250 _aRep
260 _aNew Delhi
_bVikas Publication House
_c2012
300 _a680
650 _aBBA
942 _2ddc
_cBK
999 _c5967
_d5967